El amor maternal
Shranjeno v:
| Korporativna značnica: | |
|---|---|
| Format: | Knjiga |
| Jezik: | španščina |
| Izdano: |
Madrid
Razón y Fe
1966
|
| Serija: | Colección Psicología, Medicina, Pastoral, 48
|
| Teme: | |
| Oznake: |
Označite
Brez oznak, prvi označite!
|
MARC
| LEADER | 00000nam a2200000 a 4500 | ||
|---|---|---|---|
| 001 | UCL5365 | ||
| 003 | CL-VaPUC | ||
| 008 | 040312e19660000SP |||||||||||||||||spa|d | ||
| 082 | 0 | 4 | |a 152.41 |b GRO |2 21 |
| 110 | 2 | |a Groupe Lyonnais d'études Médicales |e author |9 483105 | |
| 245 | 1 | 3 | |a El amor maternal |
| 300 | |a 222 p | ||
| 942 | |c BK | ||
| 945 | |d 20040312 00:00:00 |a vberengu | ||
| 260 | |a Madrid |b Razón y Fe |c 1966 | ||
| 650 | 0 | |a Amor |9 257817 | |
| 650 | 0 | |a Sentimientos |9 334266 | |
| 650 | 0 | |a Psicología |9 257863 | |
| 583 | |a last modification |c 20040312 00:00:00 |k Rodrigo Vera | ||
| 490 | 0 | |a Colección Psicología, Medicina, Pastoral, 48 | |
| 999 | |c 307974 |d 307972 | ||
| 952 | |0 0 |1 2 |4 0 |6 152_410000000000000_GRO_1966 |7 0 |8 A |9 374170 |a BIBTEO |b BIBTEO |d 2019-11-21 |i 2105152 |o 152.41 GRO 1966 |p 2105152 |r 2019-11-21 |w 2019-11-21 |x Descarte 2019 |y BK |k ICR | ||